The king's council in the reign of Edward VI (Record no. 55335)

MARC details
000 -LEADER
fixed length control field 00580nam a2200205Ia 4500
008 - FIXED-LENGTH DATA ELEMENTS--GENERAL INFORMATION
fixed length control field 191130s2008##################000#0#eng##
020 ## - INTERNATIONAL STANDARD BOOK NUMBER
ISBN 9780521089890
082 ## - DEWEY DECIMAL CLASSIFICATION NUMBER
Classification number 351.4209031 HOA
100 ## - MAIN ENTRY--AUTHOR NAME
Personal name Hoak, D E
245 ## - TITLE STATEMENT
Title The king's council in the reign of Edward VI
Statement of responsibility, etc D E Hoak
260 ## - PUBLICATION, DISTRIBUTION, ETC. (IMPRINT)
Place of publication Cambridge
Name of publisher Cambridge University Press
Year of publication 2008
300 ## - PHYSICAL DESCRIPTION
Number of Pages x, 374 p
650 ## - SUBJECT ADDED ENTRY--TOPICAL TERM
Topical Term Great Britain
Topical Term Great Britain, Privy Council
Topical Term Political science
991 ## -
-- 52171
Holdings
Withdrawn status Lost status Damaged status Not for loan Home library Current library Shelving location Date acquired Full call number Accession Number Price effective from Koha item type
        Anna Centenary Library Anna Centenary Library 4TH FLOOR, A WING 09.10.2020 351.4209031 HOA 236322 09.10.2020 English Books

Find us on the map